| 000 | 00865nam a2200217 i 4500 | ||
|---|---|---|---|
| 001 | 49217 | ||
| 003 | ES-MaACL | ||
| 005 | 20230906161915.0 | ||
| 007 | t| | ||
| 008 | 030710s1874 sp ||||1| spa d | ||
| 080 | _a55(460.184) | ||
| 080 | _a55(460.117) | ||
| 100 | 1 |
_aCortázar y Larrubia, Daniel de. _940829 |
|
| 245 | 1 | 0 |
_aDatos geológico-mineros de las provincias de Zamora y Orense / _cDaniel de Cortázar. |
| 260 |
_aMadrid : _b[s.n.], _c1874 ( _fImp. y Fund. de Manuel Tello) |
||
| 300 |
_a19 p. ; _c25 cm. |
||
| 650 | 4 |
_aGeología- _zZamora (Provincia) _9155400 |
|
| 650 | 4 |
_aGeología- _zOrense (Provincia) _9155401 |
|
| 852 | 4 |
_aES-MaACL _jT-515-F-8 |
|
| 852 | 4 |
_aES-MaACL _jT-1107-F-8 _z- Enc. hol., conservando cub. original _z- Enc. en un vol. facticio _z- Legado Federico de Botella y de Hornos _z- Ded. del autor a Federico de Botella y Hornos |
|
| 999 |
_c49217 _d49217 |
||